000
00245nam a2200109 a 4500
001
4144
005
20140414131947.0
008
090317s19uu xx 00 eng d
050
_a
TR 372.4
_b
P56 2005
245
_a
Barbie Phonics.
999
_c
112711
_d
112711